| 000 | 00515nam a22001817a 4500 | ||
|---|---|---|---|
| 005 | 20251108170942.0 | ||
| 008 | 250721s1980 xx 000 0 ara d | ||
| 082 | 1 | 4 | _aط/599.4/دلي |
| 100 | 1 |
_aنابلسي، هاله _eترجمة |
|
| 245 | 1 | 0 | _aدليلك إلى الكلاب / |
| 264 | 1 |
_aبيروت : _bدار المسيرة، _c1980. |
|
| 300 | _a80ص : مص | ||
| 490 | 0 | _aالمكتشف الصغير | |
| 650 | 1 | 7 | _aالكلاب |
| 650 | 1 | 7 | _aالحيوانات |
| 942 |
_2ddc _cBK |
||
| 999 |
_c52917 _d52917 |
||